Teoría y filosofía política (Record no. 18309)

MARC details
000 -LEADER
campo de control de longitud fija 01349am a2200469a 44500
003 - IDENTIFICADOR DE NÚMERO DE CONTROL
campo de control AR-BaBNM
005 - FECHA Y HORA DE LA ÚLTIMA TRANSACCIÓN
campo de control 20251128211122.0
008 - DATOS DE LONGITUD FIJA--INFORMACIÓN GENERAL
campo de control de longitud fija 112120s2001 #AR|||||||||||000 | esp||
020 ## - NÚMERO INTERNACIONAL ESTÁNDAR DEL LIBRO
Número Internacional Estándar del Libro 950-9231-41-X
040 ## - FUENTE DE CATALOGACIÓN
Centro/agencia transcriptor AR-BaBNM
245 10 - MENCIÓN DEL TÍTULO
Título Teoría y filosofía política
Resto del título la tradición clásica y las nuevas fronteras
250 ## - MENCION DE EDICION
Mención de edición 2ª ed.
260 ## - PUBLICACIÓN, DISTRIBUCIÓN, ETC.
Lugar de publicación, distribución, etc. Buenos Aires
Nombre del editor, distribuidor, etc. CLACSO
Fecha de publicación, distribución, etc. 2001
300 ## - DESCRIPCIÓN FÍSICA
Extensión 311 P.
490 #0 - MENCIÓN DE SERIE
Mención de serie Ciencias Sociales
504 ## - NOTA DE BIBLIOGRAFÍA, ETC.
Nota de bibliografía, etc. Nota Incluye bibliografía al final del volumen
650 #4 - PUNTO DE ACCESO ADICIONAL DE MATERIA--TÉRMINO DE MATERIA
Término de materia o nombre geográfico como elemento de entrada CIENCIAS POLITICAS
650 #4 - PUNTO DE ACCESO ADICIONAL DE MATERIA--TÉRMINO DE MATERIA
Término de materia o nombre geográfico como elemento de entrada FILOSOFIA POLITICA
650 #4 - PUNTO DE ACCESO ADICIONAL DE MATERIA--TÉRMINO DE MATERIA
Término de materia o nombre geográfico como elemento de entrada TEORIA POLITICA
650 #4 - PUNTO DE ACCESO ADICIONAL DE MATERIA--TÉRMINO DE MATERIA
Término de materia o nombre geográfico como elemento de entrada HISTORIA DE LAS IDEAS
653 ## - TÉRMINO DE INDIZACIÓN--NO CONTROLADO
Término no controlado HISTORIA DEL PENSAMIENTO
700 1# - ENTRADA AGREGADA--NOMBRE PERSONAL
Nombre de persona Borón, Atilio A.
Término indicativo de función/relación compilador
700 1# - ENTRADA AGREGADA--NOMBRE PERSONAL
Nombre de persona Gargarella, Roberto
700 1# - ENTRADA AGREGADA--NOMBRE PERSONAL
Nombre de persona Rossi, Miguel A.
700 1# - ENTRADA AGREGADA--NOMBRE PERSONAL
Nombre de persona Bertelloni, Francisco
700 1# - ENTRADA AGREGADA--NOMBRE PERSONAL
Nombre de persona Grüner, Eduardo
700 1# - ENTRADA AGREGADA--NOMBRE PERSONAL
Nombre de persona Videla, Juan Daniel
700 1# - ENTRADA AGREGADA--NOMBRE PERSONAL
Nombre de persona Amadeo, Javier
700 1# - ENTRADA AGREGADA--NOMBRE PERSONAL
Nombre de persona Morresi, Sergio
700 1# - ENTRADA AGREGADA--NOMBRE PERSONAL
Nombre de persona Thwaites Rey, Mabel
700 1# - ENTRADA AGREGADA--NOMBRE PERSONAL
Nombre de persona Castillo, José
700 1# - ENTRADA AGREGADA--NOMBRE PERSONAL
Nombre de persona Gutierrez, María Alicia
700 1# - ENTRADA AGREGADA--NOMBRE PERSONAL
Nombre de persona Guiñazú, María Clelia
700 1# - ENTRADA AGREGADA--NOMBRE PERSONAL
Nombre de persona Ciriza, Alejandra
700 1# - ENTRADA AGREGADA--NOMBRE PERSONAL
Nombre de persona Dinerstein, Ana
700 1# - ENTRADA AGREGADA--NOMBRE PERSONAL
Nombre de persona Bellucci, Mabel
700 1# - ENTRADA AGREGADA--NOMBRE PERSONAL
Nombre de persona Rapisardi, Flavio
700 1# - ENTRADA AGREGADA--NOMBRE PERSONAL
Nombre de persona Casaravilla, Diego
800 1# - PUNTO DE ACCESO ADICIONAL DE SERIE--NOMBRE DE PERSONA
Nombre de persona Borón, Atilio A.
942 ## - ELEMENTOS DE ENTRADA SECUNDARIOS (KOHA)
Tipo de ítem Koha Libros
998 ## - INFORMACIÓN DE CONTROL LOCAL (RLIN)
Iniciales del catalogador, CIN (RLIN) Alicia
Holdings
Estatus retirado Estado de pérdida Fuente de la clasificación o esquema de estantería Estado de daño No para préstamo Biblioteca de origen Biblioteca actual Fecha de adquisición Total de préstamos Signatura topográfica completa Código de barras Visto por última vez Precio de reemplazo Tipo de ítem Koha
    Clasificación Decimal Dewey     Liberty Liberty 28/11/2025   32 BORT 130465 28/11/2025 28/11/2025 Libros
    Clasificación Decimal Dewey     Liberty Liberty 28/11/2025   32 BORT 130466 28/11/2025 28/11/2025 Libros